| LEADER 00000nam 2200000uu 4500 |
| 001 13399120830 |
| 003 BCNR |
| 008 110314s2553||||th 000 0 tha d |
| 020 ^a9789747348880
|
| 041 0 ^atha
|
| 060 04 ^aWB327^bค695 2553
|
| 245 00 ^aคู่มือหมอชาวบ้าน /^cสุรเกียรติ อาชานานุภาพ ...[และคนอื่นๆ], บรรณาธิการ
|
| 250 พิมพ์ครั้งที่ 8 ฉบับแก้ไขปรับปรุง
|
| 260 กรุงเทพฯ :^bหมอชาวบ้าน,^c2553
|
| 300 0140 หน้า :^bภาพประกอบ ;^c21 ซม.
|
| 440 0 หนังสือชุดสุขภาพ
|
| 650 7 ปฐมพยาบาล^vคู่มือ
|
| 650 7 การดูแลสุขภาพด้วยตนเอง^vคู่มือ
|
| 650 7 การใช้ยารักษาตนเอง
|
| 700 0 สุรเกียรติ อาชานานุภาพ,^eบรรณาธิการ
|
| 999 ^aบรรณารักษ์
|